Electronic Circuits : (Record no. 218043)
[ view plain ]
| 000 -LEADER | |
|---|---|
| fixed length control field | 01074 a2200169 4500 |
| 003 - CONTROL NUMBER IDENTIFIER | |
| control field | Nust |
| 005 - DATE AND TIME OF LATEST TRANSACTION | |
| control field | 20221124133425.0 |
| 040 ## - CATALOGING SOURCE | |
| Transcribing agency | Nust |
| 082 ## - DEWEY DECIMAL CLASSIFICATION NUMBER | |
| Classification number | 621.38132,ANG |
| 100 ## - MAIN ENTRY--PERSONAL NAME | |
| Personal name | Angelo, E.J. |
| 9 (RLIN) | 80490 |
| 245 ## - TITLE STATEMENT | |
| Title | Electronic Circuits : |
| Remainder of title | a Unified Treatment of Vacuum Tubes and Transistors / |
| Statement of responsibility, etc. | E.J.Angelo, |
| 260 ## - PUBLICATION, DISTRIBUTION, ETC. | |
| Place of publication, distribution, etc. | McGraw-Hill Book Compnay |
| Name of publisher, distributor, etc. | London |
| Date of publication, distribution, etc. | 1958 |
| 300 ## - PHYSICAL DESCRIPTION | |
| Extent | xii, 450 p |
| 505 ## - FORMATTED CONTENTS NOTE | |
| Formatted contents note | Introduction (Page-1), The Ideal diode (Page-7), Practical rectifiers (Page-34), Ideal amplifiers (Page-87), The basic vacuum triode (Page-97), Practical triode amplifier (Page-132), Incemental Linear (Page-153), The basic transistor (Page-165), Practical transistor (Page-193), Multigrid vacuum tubes (Page-209), Analysis of piecewise linear (Page-226), Systematic analysis of linear electronic (Page-249), Network theorems (Page-271), Frequency dependence of signal stage (Page-293), Frequency depend of cascaded amplifiers (Page-331), Nonsinusoidal signal and transisent (Page-387), Feedback amplifiers (Page-412), |
| 650 ## - SUBJECT ADDED ENTRY--TOPICAL TERM | |
| Topical term or geographic name entry element | Electronic Circuits |
| 942 ## - ADDED ENTRY ELEMENTS (KOHA) | |
| Source of classification or shelving scheme | |
| Koha item type | Book |
| Withdrawn status | Lost status | Source of classification or shelving scheme | Damaged status | Not for loan | Permanent Location | Current Location | Shelving location | Date acquired | Full call number | Barcode | Date last seen | Price effective from | Koha item type | Public note |
|---|---|---|---|---|---|---|---|---|---|---|---|---|---|---|
| Military College of Signals (MCS) | Military College of Signals (MCS) | General Stacks | 12/12/2016 | 621.38132,ANG | MCS5547 | 12/08/2016 | 12/12/2016 | Book | Almirah No.32, Shelf No.3 |
